SWADESH (Record no. 29256)

MARC details
000 -LEADER
fixed length control field 00240nam a22001217a 4500
003 - CONTROL NUMBER IDENTIFIER
control field SGT
082 ## - DEWEY DECIMAL CLASSIFICATION NUMBER
Item number SWA
100 ## - MAIN ENTRY--PERSONAL NAME
Personal name SWADESH
245 ## - TITLE STATEMENT
Title SWADESH
Remainder of title SUDHARSHAN SMRITI
260 ## - PUBLICATION, DISTRIBUTION, ETC. (IMPRINT)
Place of publication, distribution, etc BHOPAL
Name of publisher, distributor, etc SWADESH
Year of Publication 2015
300 ## - PAGE DESCRIPTION
No. of Pages 652
942 ## - ADDED ENTRY ELEMENTS (KOHA)
Source of classification or shelving scheme Dewey Decimal Classification
Koha item type Books
Holdings
Withdrawn status Lost status Source of classification or shelving scheme Damaged status Not for loan Collection code Home library Current library Shelving location Date acquired Cost, normal purchase price SGTU Total Checkouts Full call number Accession No. (Barcode) Date last seen Bill Date Koha item type
    Dewey Decimal Classification     LAW SGT Science & Social Sciences Library SGT Science & Social Sciences Library Text Book 22/01/2025 1600.00 SGTU   SWA FL3819 22/01/2025 22/01/2025 Books